| 000 | 00358nam a2200133Ia 4500 | ||
|---|---|---|---|
| 008 | 220216s9999 xx 000 0 und d | ||
| 100 | _aNewell R | ||
| 245 | 0 | _aOil-extended natural rubber in passenger tyre treads | |
| 260 |
_bJournal of Natural Rubber Research _c1994 |
||
| 300 | _a143-154 | ||
| 650 | _aTyre treads | ||
| 700 | _aWallace I R | ||
| 942 | _cJS | ||
| 999 |
_c64342 _d64342 |
||